Top 20 Settlements in Clwyd (Map) Quiz Stats

Quiz not verified by Sporcle

Challenge
Share
Tweet
Score 0/20 Timer 05:00
0 Plays Today
% Correct
1. Wrexham
92.1%
3. Rhyl
88.9%
9. Flint
85.7%
2. Colwyn Bay
82.5%
5. Prestatyn
82.5%
8. Llandudno
82.5%
16. Denbigh
73%
12. Mold
71.4%
7. Connah's Quay
63.5%
6. Shotton
50.8%
% Correct
15. Abergele
50.8%
4. Buckley
46%
13. Holywell
46%
10. Rhosllanerchrugog
44.4%
11. Llandudno Junction
34.9%
19. Broughton
30.2%
14. Kinmel Bay
22.2%
17. Cefn-Mawr
22.2%
20. Coedpoeth
12.7%
18. Sandycroft
9.5%

You're not logged in!

Compare scores with friends on all Sporcle quizzes.
Sign Up with Email
OR
Log In

You Might Also Like...

Show Comments

Extras

Top Quizzes Today


Score Distribution

Your Account Isn't Verified!

In order to create a playlist on Sporcle, you need to verify the email address you used during registration. Go to your Sporcle Settings to finish the process.